Score 0/15 Timer 06:00
3 Plays Today
Hint Movie % Correct
Drink When: - Bourne runs - Bourne has a flashback - Bourne uses an everyday item as a weapon - Bourne drives a vehicleThe Bourne Identity
98.1%
Drink When: - Johnny Depp says “savvy” - Rum is mentioned or drunk - A monkey or parrot appears - Keira Knightley gets wetPirates Of The Caribbean: The Curse Of The Black Pearl
93.7%
Drink When: - You’re not sure if somebody’s awake or dreaming - Freddy Krueger’s on screen - You see Nancy’s house from the outside - Horror legend John Saxon appearsA Nightmare on Elm Street
84.9%
Drink When: - Anyone uses a radio or walkie-talkie to communicate - McClane kills a bad guy - There's a Christmas reference - McClane talks to himselfDie Hard
82.8%
Drink When: - Somebody mentions a party - Jim has an awkward encounter with his dad - Sex is mentioned - Stifler swearsAmerican Pie
82.1%
Drink When: - A character wears a hideous dress - Samantha references her sex life - Carrie makes a bad punSex and the City
79.9%
Drink When: - There’s a homoerotic look shared between characters - Characters high five - Maverick goes against the rules - ‘Danger Zone’ playsTop Gun
79.9%
Drink When: - Ron addresses San Diego - Ron attempts to seduce a lady - Brick Tamland says something stupid - An Apatow favourite makes a cameoAnchorman
79.9%
Hint Movie % Correct
Drink When: - Anybody says “Mr President” - Apple Macs are shown - Jeff Goldblum awkwardly pauses - Will Smith cracks a one-linerIndependence Day
77.7%
Drink When: - Anybody references ‘The One’ - Bullet time is used - There’s a religious reference - Smith speaksThe Matrix
71.3%
Drink When: - A rule comes up on screen - Somebody uses a place as a character name - Twinkies are talked about - Tallahassee kills a zombieZombieland
68.1%
Drink When: - Room 237 is shown or mentioned - Tony is referenced - A titlecard is used - Jack's writing is shown or mentionedThe Shining
59.9%
Drink When: - David Bowie sings a song - Sarah says something obnoxious - A weird new creature turns up - You catch sight of Bowie’s crotchLabyrinth
48.1%
Drink When: - Doc Holliday takes a shot of whiskeyTombstone
37.2%
Drink When: - Somebody gets shot - The Faun appears - Vidal kills somebody - You understand a word of SpanishPan's Labyrinth
33%
Remove Ads.
Support Sporcle.
Get the best of Sporcle when you Go Orange. This ad-free experience offers more features, more stats, and more fun while also helping to support Sporcle. Thank you for becoming a member.

You're not logged in!

Compare scores with friends on all Sporcle quizzes.
OR
Log In

Show Comments

Extras

Top Quizzes Today


Score Distribution

Your Account Isn't Verified!

In order to create a playlist on Sporcle, you need to verify the email address you used during registration. Go to your Sporcle Settings to finish the process.

Report this User

Report this user for behavior that violates our Community Guidelines.

Details: